|
|
|
|
| LEADER |
00000nab a2200000 a 4500 |
| 001 |
vtls000563846 |
| 003 |
SK-MaSNL |
| 005 |
20260303013044.0 |
| 008 |
120929c1995 xo 0 slo |
| 015 |
|
|
|a SNBRB19rr/mm-uuuuu
|
| 035 |
|
|
|a CL0563984
|
| 040 |
|
|
|a SNKBUCL
|b slo
|c SNKBUCL
|e AACR2
|
| 041 |
0 |
|
|a slo
|
| 044 |
|
|
|a xo
|c SK
|
| 080 |
|
|
|a 352:061.25:061.21(437.6):328.1(437.6):061.3
|2 1981
|
| 080 |
|
|
|a 328.1(437.6)
|2 1981
|
| 100 |
1 |
|
|a Olach, Bohumil
|4 aut
|9 838588
|
| 245 |
1 |
0 |
|a Tretie kolo rokovania vlády SR a ZMOS
|b 19. októbra 1995, Štrbské Pleso
|c Bohumil Olach
|
| 650 |
0 |
7 |
|a Združenie miest a obcí Slovenska
|2 snkbucl
|9 898290
|
| 650 |
0 |
7 |
|a vláda Slovenskej republiky
|2 snkbucl
|9 898250
|
| 655 |
|
7 |
|a články z novín a časopisov
|2 snkbucl
|9 267496
|
| 773 |
0 |
|
|t Obecné noviny
|g Roč. 5, č. 44 (1995), s. 3 a 7
|
| 850 |
|
|
|a Slovenská národná knižnica v Martine
|a MTA001
|
| 852 |
|
|
|a SNK
|b KIS3GCP
|
| 958 |
|
|
|a RK
|
| 992 |
|
|
|a RBX
|
| 999 |
|
|
|c 1600465
|d 1602395
|